000 01614nam a2200481 i 4500
001 29458
003 KOSZ 005
005 20200818145200.0
008 970903s1989 pl a f |000 0 pol
015 _aUWD 1990/2585
035 _a991002203979705066
035 _a(PL-WaBN)b1061039x-48omnis_nlop
035 _ab1061039x
035 _a(OCoLC)834092529
035 _a(PL)b0000001061039
035 _a(EXLNZ-48OMNIS_NETWORK)9910177905905606
040 _aWA N
_cWA N
_dKOSZ 005/HR
041 0 _apol
_beng
_brus
046 _k1989
080 _a66.01/.09
080 _a532
100 1 _aUlbrich, Roman
_d(1952- )
_eAutor
245 1 0 _aIdentyfikacja przepływu dwufazowego gaz - ciecz /
_cRoman Ulbrich.
260 _aOpole :
_bWSP,
_c1989.
300 _a198 s. :
_brys., wykr. ;
_c24 cm.
336 _aTekst
_btxt
_2rdacontent
337 _aBez urządzenia pośredniczącego
_bn
_2rdamedia
338 _aWolumin
_bnc
_2rdacarrier
380 _aKsiążki
380 _aPublikacje naukowe
388 _a1901-2000
388 _a1989-2000
490 1 _aStudia i Monografie / Wyższa Szkoła Inżynierska w Opolu,
_x0239-5991 ;
_vz. 32
504 _aBibliogr. s. 141-165. - Rez., summ.
650 7 _aMieszaniny
_2DBN
650 7 _aPrzepływ
_2DBN
650 7 _aTechnologia chemiczna
_2DBN
658 _aInżynieria i technika
830 0 _aStudia i Monografie - Wyższa Szkoła Inżynierska w Opolu
_vz. 32
856 _uhttp://koha.tu.koszalin.pl/cgi-bin/koha/opac-detail.pl?biblionumber=29458
_yKatalog online BPK
942 _2UKD
_cKS
999 _c29458
_d29458